Famous People Named Gary - Statistics

General Stats
  • This quiz has been taken 166 times
    157 since last reset
  • The average score is 5 of 12
Answer Stats
Life Hint Person % Correct
1958- Actor: Air Force One, Fifth Element, Dracula Gary Oldman
65%
1956- Bill Lumbergh in Office Space Gary Cole
56%
1948- "Rock and Roll Part 2" glam rocker...and sex offender Gary Glitter
56%
1955- Lieutenant Dan in Forrest Gump Gary Sinise
56%
1963- Russian chess grandmaster who lost to Deep Blue Garry Kasparov
55%
1968-2010 Diff'rent Strokes: "What'chu talkin' 'bout Willis?" Gary Coleman
53%
1901-1961 Actor: Mr. Deeds Goes to Town, High Noon Gary Cooper
53%
1958- English musician of "Cars" who fronted Tubeway Army Gary Numan
38%
1950- Cartoonist who created The Far Side Gary Larson
35%
1944- Buddy in The Buddy Holly Story; father to Jack Gary Busey
32%
1984- Blues and rock musician: Blak and Blu Gary Clark Jr.
11%
1949- Real name of the Green River Killer Gary Ridgway
11%
No matching quizzes found
Score Distribution
Percent of People with Each Score
Percentile by Number Answered
Your Score History
You have not taken this quiz since the last reset